000 00378nam a2200145Ia 4500
008 240624s9999 xx 000 0 und d
041 _aeng
082 _a005.133 PRA
100 _aPRATT TERRENCE W
245 _aPROGRAMMING LANGUAGE DESIGN AND IMPLEMEN
250 _a(4th ed.)
260 _c2003
_aNew Delhi
_bPrentice-Hall
300 _axv, : 649 : p. : cm. ; 23
365 _cRS
999 _c4105
_d4105